Human physiology

Tallennettuna:
Bibliografiset tiedot
Päätekijä:  Fox, Stuart Ira
Aineistotyyppi: Sách
Kieli:Undetermined
Julkaistu:  McGraw-Hill  2013
Aiheet:
Tagit: Lisää tagi
Ei tageja, Lisää ensimmäinen tagi!
Thư viện lưu trữ: Trung tâm Thư viện - Trường Đại học Công nghiệp TP. Hồ Chí Minh
LEADER 00481nam a2200157Ia 4500
001 UIH_05438
008 231011s9999 xx 000 0 und d
082 |a  612 
100 |a  Fox, Stuart Ira 
245 0 |a  Human physiology 
245 0 |c  Fox, Stuart Ira 
260 |b  McGraw-Hill 
260 |c  2013 
650 |a  Sinh lý học người; Human physiology;  
927 |a Sách 
980 |a Trung tâm Thư viện - Trường Đại học Công nghiệp TP. Hồ Chí Minh